[Event "Uzhgorod Spring op"]
[Site "Uzhgorod"]
[Date "2007.05.27"]
[Round "7"]
[White "Molnar, Peter"]
[Black "Kolbasin, Alexandr"]
[Result "1-0"]
[WhiteElo "2353"]
[BlackElo "2042"]
[PlyCount "121"]
[EventDate "2007.05.24"]
[EventType "swiss"]
[EventRounds "7"]
[EventCountry "UKR"]
[SourceTitle "CBM 118 Extra"]
[Source "ChessBase"]
[SourceDate "2007.07.04"]
[SourceVersion "1"]
[SourceVersionDate "2007.07.04"]
[SourceQuality "1"]

1. Nf3 c5 2. c4 Nc6 3. d4 cxd4 4. Nxd4 g6 5. e4 Bg7 6. Be3 d6 7. Nc3 Bd7 8. Be2 Nf6 9. 0-0 0-0 10. Qd2 Nxd4 11. Bxd4 Bc6 12. f3 a6 13. Rfd1 Rc8 14. Rac1 Re8 15. b4 Nh5 16. Be3 Bxc3 17. Rxc3 Ba4 18. Rdc1 Ng7 19. Qb2 b5 20. Bf1 Qd7 21. c5 dxc5 22. Rxc5 Rxc5 23. Rxc5 Ne6 24. Rd5 Qc7 25. Qd2 Rd8 26. g3 Rxd5 27. exd5 Nf8 28. Bh3 h5 29. Bc5 a5 30. Qe3 axb4 31. Bxb4 e6 32. Bc3 b4 33. Be5 Qd7 34. Qb6 f5 35. dxe6 Qh7 36. Qe3 Nxe6 37. Bb2 Qe7 38. Bf1 Qc5 39. Qxc5 Nxc5 40. Bc4+ Kf8 41. Kf2 Ke7 42. Ke3 Bc6 43. Be5 Nd7 44. Bd4 g5 45. h4 g4 46. fxg4 fxg4 47. Kf4 Nf6 48. Kg5 Ne4+ 49. Kxh5 Bd7 50. Be5 Bf5 51. Kh6 Kf8 52. h5 Nd2 53. Bd6+ Ke8 54. Bd5 Nf1 55. Kg7 Kd7 56. Bf4 Nh2 57. h6 Nf3 58. h7 Bxh7 59. Kxh7 Nd4 60. Kg6 Nf3 61. Kf5 1-0

[Event "Uzhgorod Spring op"]
[Site "Uzhgorod"]
[Date "2007.05.25"]
[Round "3"]
[White "Svana, Peter"]
[Black "Kolbasin, Alexandr"]
[Result "1-0"]
[WhiteElo "2162"]
[BlackElo "2042"]
[PlyCount "63"]
[EventDate "2007.05.24"]
[EventType "swiss"]
[EventRounds "7"]
[EventCountry "UKR"]
[SourceTitle "CBM 118 Extra"]
[Source "ChessBase"]
[SourceDate "2007.07.04"]
[SourceVersion "1"]
[SourceVersionDate "2007.07.04"]
[SourceQuality "1"]

1. e4 b6 2. d4 Bb7 3. Bd3 Nf6 4. Qe2 e6 5. Nf3 d6 6. c4 Be7 7. 0-0 Nbd7 8. Re1 e5 9. b3 0-0 10. Nbd2 exd4 11. Nxd4 Ne5 12. Bc2 Re8 13. Nf5 Bf8 14. Bb2 g6 15. Ng3 Bg7 16. Rad1 Qe7 17. Ndf1 a5 18. Ne3 h5 19. Nd5 Nxd5 20. exd5 Qh4 21. Bc1 Ng4 22. Qxe8+ Rxe8 23. Rxe8+ Kh7 24. h3 Nxf2 25. Kxf2 Bd4+ 26. Kf3 Be5 27. Ne4 f5 28. Ng5+ Kg7 29. Rxe5 dxe5 30. g3 Bxd5+ 31. Rxd5 e4+ 32. Kg2 1-0

[Event "UKR-chT 13th"]
[Site "Alushta"]
[Date "2006.04.21"]
[Round "7.4"]
[White "Zherebukh, Yaroslav"]
[Black "Kolbasin, Alexandr"]
[Result "1-0"]
[WhiteElo "2331"]
[BlackElo "2046"]
[PlyCount "47"]
[EventDate "2006.04.15"]
[EventType "team-tourn"]
[EventRounds "9"]
[EventCountry "UKR"]
[SourceTitle "EXT 2019"]
[Source "ChessBase"]
[SourceDate "2018.10.10"]
[SourceVersion "1"]
[SourceVersionDate "2018.10.10"]
[SourceQuality "1"]
[WhiteTeam "Lwiw University-Debut"]
[BlackTeam "Rivne Polissia"]
[WhiteTeamCountry "UKR"]
[BlackTeamCountry "UKR"]

1. e4 d5 2. exd5 Qxd5 3. Nc3 Qa5 4. d4 Nf6 5. Bc4 c6 6. Nge2 Bf5 7. 0-0 e6 8. Ng3 Bg6 9. f4 Be7 10. Qe2 Bf5 11. Bd2 Bg4 12. Qe3 0-0 13. h3 Bf5 14. Nxf5 Qxf5 15. Bd3 Qa5 16. f5 Qc7 17. fxe6 fxe6 18. Qxe6+ Kh8 19. Rae1 Bd6 20. Ne4 Bh2+ 21. Kh1 Nbd7 22. Nxf6 Nxf6 23. Bb4 Rae8 24. Qxe8 1-0

[Event "UKR-chT 13th"]
[Site "Alushta"]
[Date "2006.04.15"]
[Round "1.4"]
[White "Papenin, Nikolai"]
[Black "Kolbasin, Alexandr"]
[Result "1-0"]
[WhiteElo "2339"]
[BlackElo "2046"]
[PlyCount "85"]
[EventDate "2006.04.15"]
[EventType "team-tourn"]
[EventRounds "9"]
[EventCountry "UKR"]
[SourceTitle "EXT 2019"]
[Source "ChessBase"]
[SourceDate "2018.10.10"]
[SourceVersion "1"]
[SourceVersionDate "2018.10.10"]
[SourceQuality "1"]
[WhiteTeam "Simferopol Crimean Engin and Pedagog"]
[BlackTeam "Rivne Polissia"]
[WhiteTeamCountry "UKR"]
[BlackTeamCountry "UKR"]

1. d4 Nf6 2. c4 g6 3. Nc3 Bg7 4. e4 d6 5. Bd3 0-0 6. Nge2 e5 7. d5 a5 8. 0-0 Na6 9. f3 Nc5 10. Bc2 b6 11. Be3 Nfd7 12. a3 Bb7 13. Rb1 Nf6 14. b4 Ncd7 15. c5 bxc5 16. bxc5 Ba6 17. cxd6 cxd6 18. Bd3 Bxd3 19. Qxd3 Qc8 20. Na4 Qa6 21. Qxa6 Rxa6 22. Rfc1 Rd8 23. Rc6 Rxc6 24. dxc6 Nf8 25. c7 Rc8 26. Rb7 N6d7 27. Nb6 Nxb6 28. Bxb6 Nd7 29. Bxa5 Bh6 30. Kf2 Kf8 31. Bb4 Ke7 32. Nc3 Nc5 33. Nd5+ Kd7 34. Bxc5 dxc5 35. Ke2 c4 36. Ra7 Kd6 37. Kd1 Bf8 38. Rb7 Kd7 39. a4 Bc5 40. a5 f5 41. Kc2 Bd4 42. Rb4 c3 43. Nb6+ 1-0